000 00220nam a22000857a 4500
008 161115b xxu||||| |||| 00| 0 eng d
100 _91200
_aBPI India
245 _aAndrocles and the lion
260 _aNew Delhi
_bBPI India
_c2011
999 _c3891
_d3891